| 000 | 01127nam a2200289 4500 | ||
|---|---|---|---|
| 001 | 005285 | ||
| 003 | AR-CdUEA | ||
| 005 | 20220326193257.0 | ||
| 008 | 090912s1998____ag_||||||||||_||||||spa|d | ||
| 020 | _a9501265064 | ||
| 040 |
_aAR-CdUEA _casdfghjl |
||
| 082 |
_a306 _bJ31e |
||
| 100 | 1 |
_aJameson, Fredric, _d1934- _91139 |
|
| 245 | 1 | 0 |
_aEstudios culturales : _breflexiones sobre el Multiculturalismo / _cFrederic Jameson y Slavoj Zizek ; introducción de Eduardo grüner. |
| 260 |
_aBuenos Aires : _bPaidós, _c1998 |
||
| 300 |
_a188 p. ; _c21 cm. |
||
| 490 | 0 |
_aEspacios del saber ; _v6 |
|
| 500 | _aTipo de documento: LIBRO | ||
| 505 | 0 |
_tEl retorno de la teoría crítica de la cultura : una introducción alegórica a Jameson y Zizek -- _tSobre los estudios culturales -- _tMulticulturalismo, o la lógica cultural del capitalismo multinacional |
|
| 650 | 4 |
_aPOSMODERNIDAD _91140 |
|
| 650 | 4 |
_acultura _9113 |
|
| 650 | 4 |
_aCULTURA CONTEMPORANEA _9942 |
|
| 650 | 4 |
_aMULTICULTURALISMO _91141 |
|
| 650 | 4 |
_aESTUDIOS CULTURALES _91142 |
|
| 650 | 4 |
_aENSAYOS SOCIOLOGICOS _91143 |
|
| 700 | 1 |
_aZizek, Slavoj, _d1949- _91144 |
|
| 999 |
_c246 _d246 |
||